000
00331nam a2200157Ia 4500
100
_a
Malhotra/Sachin/ Choudhary/Saurabh
650
_a
Java
942
_c
BK
366
_f
25
245
_a
Programming in JAVA
260
_b
Oxford
_c
2010
082
_a
5.133
_b
MAL
300
_a
576
546
_a
ENGLISH
_c
Computers
999
_c
26625
_d
26625